|
|
|
|
| LEADER |
00000nab a2200000 a 4500 |
| 001 |
vtls000828430 |
| 003 |
SK-MaSNL |
| 005 |
20260302162430.0 |
| 008 |
140328c2003 xo 0 slo |
| 015 |
|
|
|a SNBRB2003/03-07570
|
| 035 |
|
|
|a CLN000180085
|
| 040 |
|
|
|a SNKBUCL
|b slo
|c SNKBUCL
|e AACR2
|
| 041 |
0 |
|
|a slo
|
| 044 |
|
|
|a xo
|c SK
|
| 080 |
|
|
|a 348.1/.6
|2 1997
|
| 100 |
1 |
|
|a Duda, Ján,
|d 1960-
|4 aut
|9 215450
|
| 245 |
1 |
0 |
|a Revízia Kódexu kánonického práva
|c Ján Duda
|
| 504 |
|
|
|a Bibliogr. odkazy
|
| 630 |
0 |
7 |
|a Kódex kánonického práva
|2 snkbucl
|9 302530
|
| 650 |
0 |
7 |
|a právo kánonické
|2 snkbucl
|9 683040
|
| 655 |
|
7 |
|a články z novín a časopisov
|2 snkbucl
|9 267496
|
| 773 |
0 |
|
|t Duchovný pastier
|g Roč. 84, č. 1 (2003), s. 8-17
|x 0139-861X
|
| 850 |
|
|
|a Slovenská národná knižnica v Martine
|
| 852 |
|
|
|a SNK
|b KIS3GCP
|
| 958 |
|
|
|a SK
|
| 958 |
|
|
|a NB
|
| 992 |
|
|
|a RBX
|
| 999 |
|
|
|c 1380143
|d 1382073
|